000 00756cam a2200205 i 4500
005 20251108165347.0
008 250721s1984 ua gr 000 0 ara d
020 _a97702010315
082 1 4 _a212
_bج و ي
100 1 _aالجويني، مصطفى الصاوي
_eمؤلف.
245 1 0 _aمنهج الزمخشري في تفسير القرآن الكريم /
_cالدكتور مصطفى الصاوي الجويني.
250 _aالطبعة الثالثة.
264 1 _aالقاهرة :
_bدار المعارف،
_c1984.
300 _a309 صفحة.ل
490 0 _aمكتبة الدراسات الادبية
_vرقم 9.
650 1 7 _aتفسير القرآن.
650 1 7 _aاعجاز القرآن.
942 _2ddc
_cBK
999 _c26022
_d26022